000 01071cam a22002651i 4500
003 SA-RiAUC
005 20250427090427.0
008 250425s1992 xx g b 000 0 ara c
040 _aLB-JoUSK
_bara
_cSA-RiAUC.
_erda
043 _aa-le---
082 0 4 _a253.90209566
090 _a253.90209566
_b ب د ر
100 1 _aبدر، عدنان أحمد
_eمؤلف.
245 1 2 _aالإفتاء والأوقاف الإسلامية في لبنان :
_bماضيا وحاضرا ومستقبلا /
_cعدنان أحمد بدر.
264 1 _a[مكان النشر غير محدد] :
_bالمؤسسة الجامعية للدراسات والنشر والتوزيع،
_c1992
300 _a280 صفحة ؛
_c24 سم
336 _aنص
_btxt
_2rdacontent
_3كتاب
337 _aبدون وسيط
_bn
_2rdamedia
338 _aمجلد
_bnc
_2rdacarrier
504 _aيشتمل على ببليوجرافية.
650 7 _aالإفتاء
_zلبنان
_2aucsh
650 7 _aالوقف
_zلبنان
_2aucsh
942 _2ddc
_cBOOK
_n0
949 _aSA-JeALM
_d250425
_umohamedma123
_n1
999 _c7398
_d7398